Regiony Danii - Statystyki

Ogólne statystyki
  • Ten quiz został rozwiązany 752 razy
  • Średni wynik to 3 z 5
Odpowiedzi na mapie
Odpowiedzi zakodowano w zielono-czerwonej skali na mapie do tego quizu, zgodnie z poniższymi procentami.
 
Statystyki odpowiedzi
Regiony % Poprawnych
Zelandia
88%
Jutlandia Północna
68%
Jutlandia Środkowa
60%
Dania Południowa
53%
Region Stołeczny
49%
Nie znaleziono quizów pasujących do podanych kryteriów
Rozkład punktacji
Procent ludzi z każdym wynikiem
Percentyl według liczby udzielonych odpowiedzi
Twoja historia wyników
Nie rozwiązałeś tego quizu